Archives musicales de l’intime (notice n° 1605329)
[ vue normale ]
| 000 -LEADER | |
|---|---|
| fixed length control field | 02007cam a2200181 4500500 |
| 005 - DATE AND TIME OF LATEST TRANSACTION | |
| control field | 20251228095013.0 |
| 041 ## - LANGUAGE CODE | |
| Language code of text/sound track or separate title | fre |
| 042 ## - AUTHENTICATION CODE | |
| Authentication code | dc |
| 100 10 - MAIN ENTRY--PERSONAL NAME | |
| Personal name | Samama, Guy |
| Relator term | author |
| 245 00 - TITLE STATEMENT | |
| Title | Archives musicales de l’intime |
| 260 ## - PUBLICATION, DISTRIBUTION, ETC. | |
| Date of publication, distribution, etc. | 2015.<br/> |
| 500 ## - GENERAL NOTE | |
| General note | 93 |
| 520 ## - SUMMARY, ETC. | |
| Summary, etc. | L’archive ne se réduit pas à être ce que croit spontanément l’opinion : document faisant valoir des droits, ou garantie d’objectivité pour le travail de l’historien. À l’inverse, comme nous le fait sentir magnifiquement Marie-Françoise Vieuille, elle est une musique de la mémoire, une traversée de l’enfance ; l’on y célèbre moderato cantabile un acte de naissance, un vibrato où sont perchées, perdues, quelques notes parlant de désirs auxquels il est impossible de renoncer bien que l’on sache que rien n’est à désirer. |
| 520 ## - SUMMARY, ETC. | |
| Summary, etc. | Archives are not limited to what public opinion spontaneously thinks they are: documents testifying to rights, or attesting to the objectivity of the historian’s work. Quite the reverse: as Marie-Françoise Vieuille makes us understand so beautifully, archives are the music of memory, a journey through childhood; a birth is registered and celebrated moderato cantabile, a few high-perched, lost vibrato notes evoke desires which cannot be renounced, although everyone knows nothing is to be desired. |
| 520 ## - SUMMARY, ETC. | |
| Summary, etc. | Contrariamente a uma ideia comummente partilhada, o arquivo não é um documento por direto próprio, garante de objectividade para o trabalho do historiador. Pelo contrário, como sugere magnificamente Marie-Françoise Vieuille, é uma música da memória, uma travessia da infância. Nele se celebra moderato cantabile um acto de nascimento, um vibrato onde notas suspensas falam de desejos aos quais é impossível renunciar mesmo sabendo que nada se pode desejar. |
| 786 0# - DATA SOURCE ENTRY | |
| Note | Sigila | 36 | 2 | 2015-10-01 | p. 125-129 | 1286-1715 |
| 856 41 - ELECTRONIC LOCATION AND ACCESS | |
| Uniform Resource Identifier | <a href="https://shs.cairn.info/revue-sigila-2015-2-page-125?lang=fr&redirect-ssocas=7080">https://shs.cairn.info/revue-sigila-2015-2-page-125?lang=fr&redirect-ssocas=7080</a> |
Pas d'exemplaire disponible.




Réseaux sociaux